书目信息 |
| 题名: |
防腐蚀复合材料及其应用
|
|
| 作者: | 张大厚 编著 | |
| 分册: | ||
| 出版信息: | 北京 化学工业出版社 2006 |
|
| 页数: | 309页 | |
| 开本: | 24cm | |
| 丛书名: | 21世纪复合材料应用技术丛书 | |
| 单 册: | ||
| 中图分类: | TB33 | |
| 科图分类: | ||
| 主题词: | 防腐--复合材料--基本知识 | |
| 电子资源: | ||
| ISBN: | 7-5025-8969-4 | |
| 000 | 01094oam2 2200277 45 | |
| 001 | 012004085288 | |
| 005 | 20070805111108.10 | |
| 009 | 012004085288 | |
| 010 | @a7-5025-8969-4@dCNY42.00 | |
| 035 | @a(110019)012006110428 | |
| 100 | @a20061027d2006 em y0chiy0110 ea | |
| 101 | 0 | @achi |
| 102 | @aCN@b110000 | |
| 105 | @aa z 000yy | |
| 106 | @ar | |
| 200 | 1 | @a防腐蚀复合材料及其应用@Afang fu shi fu he cai liao ji qi ying yong@f张大厚编著@Fzhang da hou bian zhu |
| 210 | @a北京@c化学工业出版社@d2006 | |
| 215 | @a309页@c图@d24cm | |
| 225 | 2 | @a21世纪复合材料应用技术丛书@A21 shi ji fu he cai liao ying yong ji shu cong shu |
| 330 | @a本书介绍了防腐蚀复合材料专业领域的相关知识,其中包括防腐蚀符合材料概述、防腐蚀复合材料制品的结构设计与制造、不饱和聚酯的结构与耐腐蚀性能、不饱和聚酯树脂基防腐蚀复合材料容器、环氧树脂基符合材料的性能及其在防腐蚀领域的应用等十章的内容。 | |
| 461 | 0 | @12001 @a21世纪复合材料应用技术丛书 |
| 606 | 0 | @a防腐@x复合材料@x基本知识 |
| 690 | @aTB33@v4 | |
| 701 | 0 | @a张大厚@Azhang da hou@4编著 |
| 801 | 0 | @aCN@b110019@c20070805 |
| 905 | @dTB33@e173@f5 | |
| 防腐蚀复合材料及其应用/张大厚编著.-北京:化学工业出版社,2006 |
| 309页:图;24cm.-(21世纪复合材料应用技术丛书) |
| ISBN 7-5025-8969-4:CNY42.00 |
| 本书介绍了防腐蚀复合材料专业领域的相关知识,其中包括防腐蚀符合材料概述、防腐蚀复合材料制品的结构设计与制造、不饱和聚酯的结构与耐腐蚀性能、不饱和聚酯树脂基防腐蚀复合材料容器、环氧树脂基符合材料的性能及其在防腐蚀领域的应用等十章的内容。 |
| ● |
| 相关链接 |
|
|
|
|
正题名:防腐蚀复合材料及其应用
索取号:TB33/173
 
预约/预借
| 序号 | 登录号 | 条形码 | 馆藏地/架位号 | 状态 | 备注 |
| 1 | 0850608 | 208506080 | 第二样本阅览室/ [索取号:TB33/173] | 在馆 | |
| 2 | 0850609 | 208506099 | 密集书库/ [索取号:TB33/173] | 在馆 | |
| 3 | 0850610 | 208506106 | 密集书库/ [索取号:TB33/173] | 在馆 | |
| 4 | 0850611 | 208506115 | 第三借阅区/ [索取号:TB33/173] | 在馆 | |
| 5 | 0850612 | 208506124 | 第三借阅区/ [索取号:TB33/173] | 在馆 |